000 00590nam a2200205Ia 4500
005 20250923145351.0
008 008 250917s9999 xx 000 0 eng d
037 _aTextual
040 _aDSWL
_beng
_cDSWL
041 _aeng
_2eng
084 _aY:1:70gS:45, N77
_qDSWL
100 _aGorwaney, N.
_9834546
245 0 _aSelf image and social change
_c by N. Gorwaney
260 _aNew Delhi
_b Sterling Pub. P. Ltd.
_c1977
300 _aviii,276 p.
365 _aINR
_b54 . 0
925 _g54 . 0
942 _cTEXL
_hY:1:70gS:45, N77
999 _c1450508
_d1450508